Language Quiz

Random Language or Letter Quiz

'X' Marks the End (Per Letter) Quiz Stats

 Plays Quiz Updated Nov 9, 2016

Also try: Middle X
Challenge
Share
Tweet
Embed
Score 0/26 Timer 08:00
2 Plays Today
Clue X-word % Correct
A two-family houseduplex
83.7%
Trademarked facial tissueKleenex
80.6%
Voice boxlarynx
80.4%
A bringer of bad luckjinx
77.7%
Automatic nerve responsereflex
76.2%
Palindromic antianxiety drugXanax
66.2%
Winged lion's body with a woman's headsphinx
57.8%
The corner of a geometric shapevertex
54.9%
Computer operating systemUNIX
54.6%
Quartz form with a variety of colorsonyx
53.4%
Cleansing agent or detergentborax
50.2%
Antacid brand nameMaalox
39.5%
French word for 'eyes'yeux
39.5%
Clue X-word % Correct
Friend of ObelixAsterix
39.4%
Ancient Greek military formationphalanx
38.4%
To confuseflummox
36.8%
Speed-changing transmission partgearbox
34.1%
Oreo-like cookieHydrox
31.3%
To commingleimmix
28.4%
Ancient Anglo-Saxon kingdomWessex
28.3%
What's on top of êcircumflex
20.7%
To hold motionless as if by piercingtransfix
16.6%
Common term for cerumenearwax
16.5%
Tradename for azithromycinzithromax
12%
6-layered region of the cerebrumneocortex
11.1%
Design motif of five elements in a squarequincunx
2.8%

You're not logged in!

Compare scores with friends on all Sporcle quizzes.
OR
Log In

You Might Also Like...

Show Comments

Extras

Top Quizzes Today


Score Distribution

Your Account Isn't Verified!

In order to create a playlist on Sporcle, you need to verify the email address you used during registration. Go to your Sporcle Settings to finish the process.

Report this User

Report this user for behavior that violates our Community Guidelines.

Details: